00337nam a2200133Ia 4500003000400000008004100004040001600045082001300061100002200074245005000096260002000146650001500166650002200181GCL140319s9999 xx 000 0 eng d aGCL / cGCL04a843bM T1 aMARCEAU, FELICIEN10aLA TERRASSE DE LUCREZIA / cMARCEAU, FELICIEN a[S.N] : bFOLIO04aLITERATURE04aFRENCH LITERATURE